Territorios no peninsulares de España. - Estadísticas

Estadísticas generales
  • Esta prueba ha sido intentada 54 veces
  • La puntuación promedio es 4 de 8
Estadísticas de respuestas
Islote Perejil % Correcto
Ceuta
92%
Melilla
92%
Islas Canarias
82%
Islas Baleares
80%
Isla de Alborán
27%
Islas Chafarinas
14%
Peñón de Vélez de la Gomera
10%
Peñón de Alhucemas
4%
No se encontraron pruebas coincidentes
Distribución de puntuación
Porcentaje de gente con cada puntuación
Porcentaje por número respondido
Historial de tus puntuaciones
No has intentado esta prueba.